Geologic map and distribution of heavy minerals in Tertiary and uppermost Cretaceous rocks of the Buffalo 30ʹ x 60ʹ quadrangle, Johnson and Campbell counties, Wyoming /

Bibliographic Details
Corporate Author: Geological Survey (U.S.)
Other Authors: Denson, N. M. (Norman MacLaren), 1914-, Macke, David L., Schumann, R. Randall
Format: Government Document Map
Language:English
Published: Reston, Va. : The Survey ; 1990.
Series:Miscellaneous investigations series (Geological Survey (U.S.)) ; I-2022.
Subjects:

MARC

Tag First Indicator Second Indicator Subfields
LEADER 00000cem a2200000 a 4500
001 in00000897813
005 20150924113459.0
007 aj canzn
008 900320s1990 vauag a f 1 eng d
010 |a gp 90011667  
034 1 |a a  |b 100000  |d W1070000  |e W1060000  |f N0443000  |g N0440000 
035 |a (OCoLC)21242676 
035 |9 AEN9361AM 
040 |a GIS  |c GIS  |d GPO  |d UtOrBLW 
052 |a 4263  |b J6  |b C3 
074 |a 619-G-8 
086 0 |a I 19.91:I-2022 
110 2 |a Geological Survey (U.S.) 
245 1 0 |a Geologic map and distribution of heavy minerals in Tertiary and uppermost Cretaceous rocks of the Buffalo 30ʹ x 60ʹ quadrangle, Johnson and Campbell counties, Wyoming /  |c Department of the Interior, U.S. Geological Survey ; by N.M. Denson, D.L. Macke, and R.R. Schumann. 
255 |a Scale 1:100,000  |c (W 10700ʹ--W 10600ʹ/N 4430ʹ--N 4400ʹ). 
264 1 |a Reston, Va. :  |b The Survey ;  |c 1990. 
264 2 |a Denver, CO :  |b For sale by Map Distribution, 
300 |a 1 map :  |b color ;  |c 56 x 80 cm., on sheet 84 x 142 cm., folded in envelope 30 x 24 cm. 
336 |a cartographic image  |b cri  |2 rdacontent 
337 |a unmediated  |b n  |2 rdamedia 
338 |a sheet  |b nb  |2 rdacarrier 
490 1 |a Miscellaneous investigations series ;  |v map I-2022 
500 |a Relief shown by contours and spot heights. 
500 |a Includes text, bibliography, 2 tables, quadrangle location map, 2 index maps, and 1 figure. 
500 |a Cartographic material. 
650 0 |a Sediments (Geology)  |z Wyoming  |z Campbell County  |x Maps. 
650 0 |a Sediments (Geology)  |z Wyoming  |z Johnson County  |x Maps. 
650 0 |a Heavy minerals  |z Wyoming  |z Campbell County  |x Maps. 
650 0 |a Heavy minerals  |z Wyoming  |z Johnson County  |x Maps. 
700 1 |a Denson, N. M.  |q (Norman MacLaren),  |d 1914- 
700 1 |a Macke, David L. 
700 1 |a Schumann, R. Randall. 
740 0 |a Buffalo 30ʹ x 60ʹ quadrangle, Johnson and Campbell counties, Wyoming, geologic map and distribution ... 
830 0 |a Miscellaneous investigations series (Geological Survey (U.S.)) ;  |v I-2022. 
999 |a MARS 
999 f f |s ec3cc2bb-41ad-3b9a-a3b2-8884270e52c8  |i 35172e7c-11f7-356d-8deb-4c92c8019532  |t 0 
952 f f |p normal  |a Texas A&M University  |b College Station  |c Sterling C. Evans Library  |d Evans: Maps File (2nd floor)  |t 0  |e I 19.91:I-2022  |h Superintendent of Documents classification  |i unmediated -- sheet  |m A14838716593 
998 f f |a I 19.91:I-2022  |t 0  |l Evans: Maps File (2nd floor)